Football Tic-Tac-Toe #1 - Statistics

General Stats
  • This quiz has been taken 21,913 times
    6,476 since last reset
  • The average score is 6 of 9
Answer Stats
Category Turn # Best Examples % Correct
Manchester United + UCL Winner 58 Casemiro | Cristiano Ronaldo | Wayne Rooney
91%
Manchester United + Spain 10 David de Gea | Juan Mata | Gerard Piqué
83%
Arsenal + Spain 19 Mikel Arteta | Santi Cazorla | Cesc Fábregas
79%
Arsenal + UCL Winner 22 Ashley Cole | Serge Gnabry | Thierry Henry
76%
Arsenal + Chelsea 35 Petr Čech | Oliver Giroud | Kai Havertz
68%
Tottenham + Spain 11 Fernando Llorente | Pedro Porro | Sergio Reguilón
65%
Manchester United + Chelsea 28 Mark Hughes | Romelu Lukaku | Mason Mount
62%
Tottenham + UCL Winner 14 Gareth Bale | Luka Modrić | Kyle Walker
56%
Tottenham + Chelsea 38 William Gallas | Glenn Hoddle | Timo Werner
32%
No matching quizzes found
Score Distribution
Percent of People with Each Score
Percentile by Number Answered
Your Score History
You have not taken this quiz since the last reset